Score 0/20 Timer 03:00
2 Plays Today
Film Title Missing Word % Correct
Purple _____✬Rain
89.8%
The _________'s New GrooveEmperor✬
86.9%
______ Get Your Gun✯Annie
85.1%
Eternal Sunshine of the Spotless _____Mind✯
84.2%
The _____ Temptation of Christ✬Last
83.1%
___ Week with Marilyn✯My
75.9%
Arsenic and ____ LaceOld
70.4%
I Love You, ____Man✬
66.3%
Urban ________Cowboy✯
61.1%
Children of ____Men✬
57.5%
Film Title Missing Word % Correct
___ Reservations✬No
52.3%
Funny ______People✬
52.2%
A Life Less _________✬Ordinary
43.1%
_______ StrongCountry
40.7%
Lions ____ LambsFor
39.7%
Crazy/___________✯Beautiful
35.6%
_________ Run✯Midnight
34.9%
_____ in the WaterLady✯
34.2%
City _____Hall✯
29%
_____ GameFair
19.1%

Today's Daily Dose

Missing Word
I Hardly Know Her!

Word Ladder
Sentence Ending

Quick Pick
Female Firsts

Get the Picture
Triathlon Sports

Remove Ads.
Support Sporcle.
Get the best of Sporcle when you Go Orange. This ad-free experience offers more features, more stats, and more fun while also helping to support Sporcle. Thank you for becoming a member.

You're not logged in!

Compare scores with friends on all Sporcle quizzes.
OR
Log In

Show Comments

Extras

Top Quizzes Today


Score Distribution

Your Account Isn't Verified!

In order to create a playlist on Sporcle, you need to verify the email address you used during registration. Go to your Sporcle Settings to finish the process.

Report this User

Report this user for behavior that violates our Community Guidelines.

Details: